000 00682nam a2200181Ia 4500
008 100920s9999 xx 000 0 und d
082 _b107144
_a--- न 07
100 _aव्दिवेदी हजारीप्रसाद/केळकर र.रा.
245 _aबाणभटटाची आत्मकथा.
260 _bसाहित्य अकादमी,मुंबई.
_c2007
300 _a226
_bसाधी
365 _b130
520 _aकादंबरी.
630 _aबाणभटटाची आत्मकथा.
650 _aकादंबरी.
730 _aबाणभटटाची आत्मकथा.
942 _cBOOK
999 _c747568
_d747565